[Event "4NCL Division One"]
[Site "Telford, ENG"]
[Date "2024.02.10"]
[EventDate "2024.02.10"]
[Round "5.15"]
[White "Cyborowski, Lukasz"]
[WhiteTitle "GM"]
[WhiteElo "2488"]
[WhiteTeam "Manx Liberty"]
[Black "Pozimski, Szymon"]
[BlackElo "2123"]
[BlackTeam "Oxford 1"]
[Result "1-0"]

1. c4 e6 2. Nf3 Nf6 3. g3 d5 4. d4 dxc4 5. Bg2 c5 6. O-O Nc6 7. dxc5 Qxd1 8.
Rxd1 Bxc5 9. Nbd2 c3 10. bxc3 O-O 11. Nb3 Be7 12. Nfd4 Bd7 13. Nxc6 Bxc6 14.
Bxc6 bxc6 15. c4 Rfc8 16. Be3 Kf8 17. f3 Ke8 18. Rab1 Bd8 19. Nc1 Nd7 20. Nd3
Rcb8 21. Kf2 a5 22. Bf4 Rxb1 23. Rxb1 Ra7 24. a4 Bb6+ 25. Be3 Bxe3+ 26. Kxe3
Kd8 27. Kd4 Kc7 28. f4 Ra8 29. Nc5 Nb6 30. Kc3 h5 31. e4 Ra7 32. e5 Ra8 33. h3
g6 34. Rb2 Rc8 35. Rb3 Ra8 36. Rb1 Rc8 37. Kd4 Rd8+ 38. Kc3 Rc8 39. Na6+ Kb7
40. c5 Kxa6 41. Rxb6+ Ka7 42. g4 hxg4 43. hxg4 Rc7 44. Kd3 Ka8 45. Ke3 Rb7 46.
Rxc6 Rb3+ 47. Kf2 Kb7 48. Rd6 Ra3 49. Rd7+ Kc6 50. Rxf7 Kxc5 51. Rf6 Kd5 52.
Rxg6 Ke4 53. Rf6 Rxa4 54. Kg3 Ra3+ 55. Kh4 Rf3 56. Kg5 a4 57. Rxe6 Rxf4 58. Ra6
Rf8 59. Rxa4+ Kxe5 60. Kh6 Rh8+ 61. Kg7 Rh4 62. Ra5+ Ke6 63. g5 Ke7 64. Re5+
Kd6 65. Re1 Kd5 1-0

[Event "4NCL Division One"]
[Site "Telford, ENG"]
[Date "2024.02.10"]
[EventDate "2024.02.10"]
[Round "5.26"]
[White "Vijayakumar, Rishi"]
[WhiteElo "2166"]
[WhiteTeam "Alba"]
[Black "Turner, Max N"]
[BlackTitle "CM"]
[BlackElo "2350"]
[BlackTeam "Chessable White Rose 1"]
[Result "1/2-1/2"]

1. d4 d5 2. c4 e6 3. Nc3 Nf6 4. Nf3 Be7 5. Bf4 O-O 6. a3 c6 7. c5 Nbd7 8. e3
Nh5 9. Bd3 Nxf4 10. exf4 b6 11. b4 bxc5 12. bxc5 Qa5 13. Qd2 Bf6 14. Na2 Qxa3
15. O-O Rb8 16. Nc3 Qb2 17. Qe3 Qb7 18. Ne5 Qc7 19. Ra3 a5 20. Rfa1 Ra8 21. Ne2
Bd8 22. Nf3 Qa7 23. Nd2 Ba6 24. Nb3 Bxd3 25. Qxd3 Bc7 26. Qd2 Rfb8 27. f3 a4
28. Nc3 Qb7 29. Nc1 Qb4 30. N1e2 Qc4 31. Rxa4 Rxa4 32. Rxa4 Qb3 33. Ra7 Rb7 34.
Nc1 Qb4 35. N1a2 Qb3 36. Nc1 Qb4 37. Ra4 Qb2 38. Qxb2 Rxb2 39. Ra7 Bb8 40. Rxd7
Kf8 41. Rd8+ Ke7 42. Rc8 Bxf4 43. N1e2 Be3+ 44. Kf1 Kd7 45. Ra8 e5 46. Ra2 Rb3
47. Nd1 Rb1 48. Nec3 Rc1 49. Ke2 exd4 50. Nxe3 Rxc3 51. Nf5 Rxc5 52. Nxd4 Rc4
53. Kd3 Kd6 54. Rc2 Rxc2 55. Nxc2 c5 56. Ne3 g6 57. f4 h5 58. h4 Ke6 59. g3 d4
60. Nd1 Kf5 61. Nf2 f6 62. Ke2 c4 63. Kf3 g5 64. Nd1 g4+ 65. Ke2 Ke4 66. Nf2+
Kd5 67. Kd2 f5 68. Kc2 Kc5 69. Kb2 Kd5 70. Kc2 Kc5 71. Kb2 Kb4 72. Kc2 Kb5 73.
Nd1 Ka4 74. Nb2+ Kb4 75. Nd1 Kc5 76. Nf2 Kd5 77. Kb2 Kc5 78. Kc2 Kb4 1/2-1/2

[Event "4NCL Division One"]
[Site "Telford, ENG"]
[Date "2024.02.10"]
[EventDate "2024.02.10"]
[Round "5.28"]
[White "Cooke, Suzie G."]
[WhiteTitle "WFM"]
[WhiteElo "1925"]
[WhiteTeam "Alba"]
[Black "Huk, Kateryna"]
[BlackElo "1893"]
[BlackTeam "Chessable White Rose 1"]
[Result "1-0"]

1. d4 d5 2. Bf4 c5 3. e3 Nc6 4. Nf3 Nf6 5. Nbd2 Bf5 6. c3 e6 7. Qb3 Qb6 8. Qxb6
axb6 9. Nh4 Bg6 10. Nxg6 hxg6 11. Bb5 Be7 12. O-O O-O 13. a4 Rfc8 14. h3 c4 15.
Rfe1 Ra5 16. e4 Rca8 17. exd5 Nxd5 18. Bg3 R5a7 19. Nxc4 Na5 20. Ne3 Nf6 21.
Rad1 Ne4 22. Bc7 Bd8 23. Bh2 Bh4 24. Ng4 f5 25. Bd7 Kf7 26. Ne5+ Kf6 27. g3 Bg5
28. h4 Bh6 29. f4 Nb3 30. g4 Nbd2 31. g5+ Ke7 32. Bb5 1-0

[Event "4NCL Division One"]
[Site "Telford, ENG"]
[Date "2024.02.10"]
[EventDate "2024.02.10"]
[Round "5.41"]
[White "Gormally, Daniel W"]
[WhiteTitle "GM"]
[WhiteElo "2419"]
[WhiteTeam "Blackthorne"]
[Black "Dardha, Daniel"]
[BlackTitle "GM"]
[BlackElo "2621"]
[BlackTeam "Cheddleton"]
[Result "0-1"]

1. e4 e5 2. Nf3 Nc6 3. Bb5 a6 4. Ba4 Nge7 5. O-O Ng6 6. c3 d5 7. d4 dxe4 8.
Nxe5 Ngxe5 9. dxe5 Qxd1 10. Rxd1 Bd7 11. Bc2 Nxe5 12. Bxe4 O-O-O 13. Bf4 Bd6
14. Nd2 Rhe8 15. Bg3 f5 16. Bd5 g5 17. Bxe5 Bxe5 18. Nc4 Bf6 19. g3 Ba4 20. Rd2
Bb5 21. Ne3 f4 22. Ng4 Bg7 23. Rad1 Rd6 24. c4 Bd7 25. h3 c6 26. Bg2 Rxd2 27.
Rxd2 Re1+ 28. Bf1 h5 29. Nh2 Bxh3 30. gxf4 gxf4 31. Re2 Rc1 32. Re4 f3 33. Rh4
Bg2 34. Rxh5 Bxb2 35. Rf5 Ba3 36. Rxf3 Bxf3 37. Nxf3 Rc2 0-1

[Event "4NCL Division One"]
[Site "Telford, ENG"]
[Date "2024.02.10"]
[EventDate "2024.02.10"]
[Round "5.68"]
[White "Kalaiyalahan, Akshaya"]
[WhiteTitle "FM"]
[WhiteElo "2218"]
[WhiteTeam "Wood Green Youth"]
[Black "Flint, Martina"]
[BlackElo "1907"]
[BlackTeam "Chessable White Rose 2"]
[Result "1-0"]

1. d4 Nf6 2. c4 g6 3. g3 Bg7 4. Bg2 O-O 5. Nc3 d6 6. Nf3 c6 7. O-O Qc7 8. e4 e5
9. h3 a6 10. a4 a5 11. Be3 Na6 12. Rc1 Qe7 13. Re1 Bd7 14. Qc2 Nb4 15. Qd2 c5
16. d5 Nh5 17. Qd1 Nf6 18. Nh2 Nh5 19. Nb5 Bxb5 20. axb5 b6 21. Ra1 Kh8 22. Bd2
Qc7 23. Bc3 Rae8 24. Qd2 f5 25. Nf3 fxe4 26. Rxe4 Bf6 27. h4 Qd7 28. Ng5 Bxg5
29. hxg5 Kg8 30. b3 Rf7 31. Rf1 Ref8 32. Kh2 Ng7 33. Bh3 Nf5 34. f4 exf4 35.
Rfxf4 Qd8 36. Bf6 Rxf6 37. gxf6 Qxf6 38. g4 Qg5 39. gxf5 gxf5 40. Rg4 Rf6 1-0